World Health Statistics/ (Record no. 118996)
[ view plain ]
| 000 -LEADER | |
|---|---|
| fixed length control field | 00381cas a2200121 4500 |
| 008 - FIXED-LENGTH DATA ELEMENTS--GENERAL INFORMATION | |
| fixed length control field | 130813n eng u |
| 035 ## - SYSTEM CONTROL NUMBER | |
| System control number | (Sirsi) a180177 |
| 050 ## - LIBRARY OF CONGRESS CALL NUMBER | |
| Classification number | WHO 2009 |
| 245 ## - TITLE STATEMENT | |
| Title | World Health Statistics/ |
| Statement of responsibility, etc. | The World health organization |
| 260 ## - PUBLICATION, DISTRIBUTION, ETC. | |
| Place of publication, distribution, etc. | Geneva: |
| Name of publisher, distributor, etc. | The World Health Orgainzation, |
| Date of publication, distribution, etc. | 2009 |
| 300 ## - PHYSICAL DESCRIPTION | |
| Extent | 149p.: |
| Other physical details | ill |
| 504 ## - BIBLIOGRAPHY, ETC. NOTE | |
| Bibliography, etc. note | Includes bibliographical references |
| Withdrawn status | Lost status | Source of classification or shelving scheme | Damaged status | Not for loan | Home library | Current library | Shelving location | Total Checkouts | Full call number | Barcode | Date last seen | Copy number | Price effective from | Koha item type |
|---|---|---|---|---|---|---|---|---|---|---|---|---|---|---|
| Library of Congress Classification | Main Library | Main Library | Special collections | WHO RA 407 .A 1 W67 WOR 2009 | 33729005479832 | 08/21/2019 | 1 | 08/21/2019 | Book |